Hotel

Saved in:
Bibliographic Details
Main Author: Domiková, Brigita (Author)
Other Authors: Bacová, Andrea (Thesis advisor)
Format: Manuscript Book
Language:Slovak
Published: Bratislava 2021
Subjects:
Online Access:http://is.stuba.sk/zp/portal_zp.pl?podrobnosti=160037
Tags: Add Tag
No Tags, Be the first to tag this record!

MARC

LEADER 00000ntm a22000003a 4500
001 stuzp83623
003 SK-STU
005 20220216085919.3
007 ta
008 150427s2015----xo-----f-mn---000-0-slo-d
040 |a STU  |b slo 
041 0 |a slo 
100 1 |a Domiková, Brigita  |u 051110  |4 aut  |U FAD Fakulta architektúry a dizajnu  |T FAD Ústav architektúry obytných budov  |X 82311  |U A1110  |Y 392  |7 82311 
242 0 1 |a Hotel  |y eng 
245 1 0 |a Hotel 
260 |c 2021  |a Bratislava 
650 4 |a polyfunkčný objekt  |2 slo 
650 4 |a coworking  |2 slo 
650 4 |a coliving  |2 slo 
650 4 |a hotel  |2 slo 
650 4 |a komunita  |2 slo 
650 4 |a coworking  |2 eng 
650 4 |a coliving  |2 eng 
650 4 |a hotel  |2 eng 
650 4 |a mixed-use building  |2 eng 
650 4 |a community  |2 eng 
700 1 |a Bacová, Andrea  |u 051110  |k Z1  |4 ths  |U FAD Fakulta architektúry a dizajnu  |T FAD Ústav architektúry obytných budov  |X 354  |U A1110  |Y 392  |7 A000000354 
856 4 |u http://is.stuba.sk/zp/portal_zp.pl?podrobnosti=160037  |u https://opac.crzp.sk/?fn=detailBiblioForm&sid=0C216CD716E1822309200EAAC853